|
|
|
|
| LEADER |
00000nam a2200000 a 4500 |
| 005 |
20120123142644.0 |
| 007 |
cr|||| |||| |
| 008 |
011221s2000 sp |||||| 000 ||spa|c |
| 020 |
|
|
|a 8471113872
|
| 035 |
|
|
|a 1709
|
| 040 |
|
|
|d vLex
|
| 090 |
|
|
|c 2938
|d 2938
|
| 100 |
1 |
|
|a Gonzl̀ez Sanfiel, Andrš M.
|
| 245 |
1 |
3 |
|a Un Nuevo rǧimen para las infraestructuras de dominio pb︢lico
|h [Recurso electrn̤ico] /
|c Andrš M. Gonzl̀ez Sanfiel
|
| 256 |
|
|
|a Servicio en ln̕ea
|
| 260 |
|
|
|a Madrid :
|b Montecorvo,
|c 2000
|
| 300 |
|
|
|a 1 recurso electrn̤ico
|
| 504 |
|
|
|a Notas. Bibliografa̕ p. 335-351
|
| 506 |
1 |
|
|a Contenido solo disponible en los productos indicados
|d vLex Global
|d vLex Global (Academic Edition, excluding Law Schools)
|d vLex Global (U.S. Academic Edition, Law Schools)
|d vLex Global (U.S. Academic Edition, excluding Law Schools)
|d vLex Global (Academic Edition, Law Schools)
|
| 650 |
0 |
4 |
|a Bienes de dominio pb︢lico
|x Derecho
|z Espaą
|
| 740 |
0 |
|
|a vLex Libros (Servicio en ln̕ea)
|
| 856 |
4 |
0 |
|u http://vlex.com/source/regimen-infraestructuras-dominio-publico-1709
|z Acceso restringido
|
| 942 |
|
|
|c BOOK
|
| 999 |
0 |
|
|a Public domain; Government property
|
| 999 |
0 |
|
|a Administrative law
|
| 999 |
0 |
|
|a Constitutional law
|